000 01009nam a22002175i 4500
001 166382
003 ES-MaACL
005 20230906213324.0
008 050914s1876 sp | |||||||| ||spa d
100 1 _aTolosa Latour, Manuel,
_d1857-1919
_9110485
245 1 0 _aDiscursos pronunciados en la apertura del curso académico de 1876-77 de la Sociedad Los Escolares Médicos /
_cpor Manuel de Tolosa y Latour y Miguel Enrique Nalda.
260 _aMadrid :
_b[s.n.],
_c1876 (
_fImp. de C. Moliner y Compañía)
300 _a91 p. ;
_c21 cm.
505 8 _aContiene: Lista de socios y lista de libros ingresados en la biblioteca
700 1 _aNalda, Miguel Enrique.
_9130386
710 2 _aSociedad "Los Escolares Médicos"
_9134865
852 _aES-MaACL
_jT-208-F-6
_z- Enc. hol.
_z- Enc. en un vol. facticio
852 _aES-MaACL
_jT-623-F-4
_z- Enc. hol.
_z- Enc. en un vol. facticio
852 _aES-MaACL
_jT-422-F-12
_z- Enc. hol.
_z- Enc. en un vol. facticio
999 _c166382
_d166382